BIBLIOTHÈQUE DE LA MAISON DU MEXIQUE

Logo 1 Logo 2

Pasos en la escalera. La extraña visita. Girándula (notice nᵒ 3664)

détails MARC
000 -Sello discográfico
campo de control de longitud fija 01165nam a2200325 4500
005 - Identificación de versión
campo de control 20251016083639.0
035 ## - Otros números de control del sistema
Número de control del sistema 13774
099 ## - fechas locales
Tipo de ítem Koha LIBRO
100 ## - Datos de procesamiento general
Datos de procesamiento general 19981123d1973 m y1spay5003 ba
105 ## - Campo de datos codificados: Material textual, monográfico
Datos codificados de monografía a 001zy
200 1# - Título y mención de responsabilidad
Título propio Pasos en la escalera. La extraña visita. Girándula
Designación general del material texto impreso
Primer mención de responsabilidad Guadalupe Dueñas, Angeles Mendieta Alatorre, Mercedes Manero ... [et al.]
Declaración de responsabilidad subsiguiente aval de Agustín Yáñez
-- dibujos Elvira Gascón
205 ## - Declaración de edición
Declaración de edición 1a ed
210 ## - Publicación, distribución, etc.
Lugar de publicación, distribución, etc. México
Nombre del editor, distribuidor, etc. Editorial Porrúa
Fecha de publicación, distribución, etc. 1973
215 ## - Descripción física
Designación de material específico y extensión del ítem 188 p
Otras características físicas il.
Dimensiones 21 cm
345 ## - Nota de información de adquisición
Fuente de adquisición/dirección de la suscripción [OBSOLETO] Donación
606 ## - Término temático usado como materia
Elemento de entrada Prosa literaria mexicana
Subdivisión temática Colecciones
Número Koha 5566
660 ## - Código de área geográfica
Código MX
700 ## - Nombre personal - Responsabilidad primaria
Elemento de entrada Dueñas de la Madrid
Parte del nombre distinta del elemento de entrada Guadalupe
Fechas 1910-2002
Número Koha 7324
701 ## - Nombre personal - Responsabilidad alternativa
Elemento de entrada Manero Ruano
Parte del nombre distinta del elemento de entrada Mercedes
Fechas 1903-1999
Número Koha 7325
701 ## - Nombre personal - Responsabilidad alternativa
Elemento de entrada Mendieta Alatorre
Parte del nombre distinta del elemento de entrada Angeles
Fechas 1919-1984
Número Koha 7314
702 ## - Nombre personal - Responsabilidad secundaria
Elemento de entrada Gascón Vera
Parte del nombre distinta del elemento de entrada Elvira
Fechas 1911-2000
Número Koha 5583
702 ## - Nombre personal - Responsabilidad secundaria
Elemento de entrada Yáñez Delgadillo
Parte del nombre distinta del elemento de entrada Agustín
Fechas 1904-1980
Número Koha 3220
801 #0 - Fuente de origen
Agencia cm
900 ## -
-- 1/17672
900 ## -
-- 710989276\\231198
942 ## - ELEMENTOS DE ENTRADA SECUNDARIOS (KOHA)
Tipo de ítem Koha Livre
996 ## -
-- MEX
-- 751145101
-- MMAG
-- 010323
-- 868.40 P283
-- 20240531LIV
Exemplaires
Estatus retirado Estado de daño Estado de pérdida Fecha de adquisición Biblioteca de origen Biblioteca actual Ubicación en estantería Código de barras Precio de reemplazo Signatura topográfica completa No para préstamo Tipo de ítem Koha Nota pública Nota no pública
      05/08/2025 Casa México Paris Casa México Paris   010323 05/08/2025 868.40 P283   Livre 20240531LIV 751145101